[Event "ch-LTU w 2013"]
[Site "Vilnius LTU"]
[Date "2013.04.22"]
[Round "4.3"]
[White "Urbonaviciute,Z"]
[Black "Semonaviciute,Agne"]
[Result "1-0"]
[WhiteElo "1782"]
[BlackElo "1735"]

1.e4 c5 2.Nf3 e6 3.d4 cxd4 4.Nxd4 Nc6 5.Nc3 Bb4 6.a3 Bxc3+ 7.bxc3 Nf6 8.f3 O-O
9.Be3 d5 10.Nxc6 bxc6 11.e5 Nd7 12.f4 f6 13.Qg4 Qe7 14.Bd3 fxe5 15.fxe5 Nxe5
16.Bxh7+ Kxh7 17.Qh5+ Kg8 18.Qxe5 Ba6 19.Bg5 Qe8 20.O-O-O Qg6 21.h4 Rf5 22.Qe3 e5
23.g4 Rff8 24.h5 Qd6 25.h6 g6 26.Rde1 Qxa3+ 27.Kd2 Qd6 28.Qxe5 Qxe5 29.Rxe5 Rf7
30.Re6 Kh7 31.Rhe1 Bb5 32.Bf6 Rxf6 33.Rxf6 Kxh6 34.Re5 a5 35.g5+ Kh5 36.Rf4 a4
37.Ke3 Ba6 38.Kf3 Bc8 39.Rf7 Bg4+ 40.Kf4 Rh8 41.Re1 Kh4 42.Rh1+ Bh3 43.Rf6 Rg8
44.Rxc6 Rf8+ 45.Rf6 Rg8 46.Re1 Bg2 47.Rf7 Rh8 48.Ree7 Bf3 49.Rh7+ Rxh7 50.Rxh7+ Bh5
51.Ra7 Kh3 52.Rxa4 Be2 53.Rd4  1-0

[Event "Nakhchivan Open A 2013"]
[Site "Nakhchivan AZE"]
[Date "2013.04.23"]
[Round "2.15"]
[White "Umudova,N"]
[Black "Macieja,B"]
[Result "0-1"]
[WhiteElo "2233"]
[BlackElo "2608"]

1.e4 c5 2.Nf3 e6 3.d4 cxd4 4.Nxd4 Nc6 5.Nc3 Qc7 6.Be3 a6 7.Qd2 Nf6 8.O-O-O Be7
9.f3 h5 10.Qf2 d6 11.h3 b5 12.Nxc6 Qxc6 13.Bd3 h4 14.Kb1 b4 15.Ne2 e5 16.g4 hxg3
17.Nxg3 Rxh3 18.Rxh3 Bxh3 19.Qd2 d5 20.exd5 Qxd5 21.Qe2 Be6 22.b3 Qa5 23.Bd2 Qc7
24.Bf5 Rc8 25.Be1 Qc6 26.Qxe5 Qxf3 27.Rc1 Qc6 28.Qf4 Bd6 29.Qe3 Kf8 30.Bd3 a5
31.Ne2 Qc5 32.Qf3 Be7 33.Qh1 Qh5 34.Qg2 Nd5 35.Nd4 Bh3 36.Qf2 Bf6 37.Nf5 Ne7
38.Nxe7 Qe5 39.c3 Kxe7 40.Bd2 Kf8 41.Re1 Qd6 42.Qe3 Be6 43.Rh1 g6 44.c4 Rd8
45.Kc2 Kg8 46.Be1 Bf5  0-1

[Event "ch-SRB 2013"]
[Site "Vrnjacka Banja SRB"]
[Date "2013.04.23"]
[Round "9.4"]
[White "Kovacevic,A"]
[Black "Cvetkovic,Sr"]
[Result "1/2-1/2"]
[WhiteElo "2571"]
[BlackElo "2389"]

1.e4 c5 2.Nf3 e6 3.d4 cxd4 4.Nxd4 Nc6 5.Nc3 a6 6.Be2 d6 7.Be3 Bd7 8.f4 Nf6
9.Qd2 Nxd4 10.Qxd4 Bc6 11.O-O-O Rc8 12.Bf3 Qc7 13.Kb1 Be7 14.f5 e5 15.Qd3 b5
16.g4 b4 17.Ne2 d5 18.Ng3 d4  1/2-1/2

[Event "48th Capablanca Open II 2013"]
[Site "Havana CUB"]
[Date "2013.04.24"]
[Round "4.19"]
[White "Felix Vega,Aurora Edith"]
[Black "Llorente Bello,Eduardo"]
[Result "1-0"]
[WhiteElo "2010"]
[BlackElo "2158"]

1.e4 c5 2.Nf3 e6 3.d4 cxd4 4.Nxd4 Nc6 5.Nc3 Qc7 6.Be2 a6 7.O-O Nf6 8.Be3 Bb4
9.Na4 Be7 10.c4 Nxe4 11.c5 Nf6 12.Bf3 O-O 13.g3 h6 14.Rc1 Ne5 15.Bf4 g5 16.Bxe5 Qxe5
17.Re1 Qc7 18.Nf5 Qd8 19.Nxe7+ Qxe7 20.Nb6 Rb8 21.Qd4 Ne8 22.Qe5 d6 23.cxd6 Nxd6
24.Red1 Rd8 25.Nd5 Qf8 26.Nf6+ Kg7 27.Ne8+  1-0

[Event "48th Capablanca Open I 2013"]
[Site "Havana CUB"]
[Date "2013.04.24"]
[Round "4.6"]
[White "Hevia,A"]
[Black "Miranda Mesa,E"]
[Result "1/2-1/2"]
[WhiteElo "2515"]
[BlackElo "2411"]

1.e4 c5 2.Nf3 e6 3.d4 cxd4 4.Nxd4 Nc6 5.Nc3 Qc7 6.Be3 a6 7.Qd2 Nf6 8.O-O-O Be7
9.f3 h5 10.Nxc6 bxc6 11.Bf4 e5 12.Bg5 O-O 13.Bc4 Rd8 14.Bb3 Bb7 15.f4 d6
16.Qe2 a5 17.fxe5 dxe5 18.Kb1 Ba6 19.Rxd8+ Qxd8 20.Qf3 Bc5 21.Rd1 Bd4 22.Na4 Bc8
23.h3 Qe7 24.c3 Ba7 25.Qxh5 Ba6 26.Qf3 Rd8 27.Bxf6 Rxd1+ 28.Bxd1 Qxf6 29.Qxf6 gxf6
30.Kc2 Bb5 31.Kd2 Bf1 32.Bf3 Bb5 33.Bd1 Bf1 34.Bf3 Bb5 35.b3 Bxa4 36.bxa4 Kf8
37.Bg4 Ke7 38.Ke2 Kd8 39.h4 Bc5 40.Bh3 Bf8 41.Kf3 Bh6 42.Ke2 Bf4 43.Kd3 Ke7
44.Bc8 Kd6 45.Bb7 Bg3 46.h5 Bf4 47.Ke2 Kc7 48.Ba8 Bh6 49.Kf3 f5 50.exf5 f6  1/2-1/2

[Event "48th Capablanca Open I 2013"]
[Site "Havana CUB"]
[Date "2013.04.24"]
[Round "4.13"]
[White "Delgado Ramos,H"]
[Black "Diaz,Rid"]
[Result "1-0"]
[WhiteElo "2455"]
[BlackElo "2349"]

1.e4 c5 2.Nf3 e6 3.d4 cxd4 4.Nxd4 Nc6 5.Nc3 Qc7 6.Be3 a6 7.Bd3 Nf6 8.O-O Ne5
9.h3 Bc5 10.Kh1 d6 11.f4 Ng6 12.Qe1 Bd7 13.f5 Ne5 14.Nce2 Nxd3 15.cxd3 e5
16.Nc2 Bxe3 17.Nxe3 Bc6 18.Rc1 Qe7 19.Qh4 h6 20.Ng3 Rd8 21.Rc2 Qd7 22.Nh5 Nxh5
23.Qxh5 Kf8 24.Rfc1 Kg8 25.Ng4 f6 26.Qg6 Rf8 27.Ne3 h5 28.Nc4 Qd8 29.b4 d5
30.Na5 Be8 31.Qg3 dxe4 32.dxe4 Qd4 33.Rc4 Qd2 34.Rc8 Bc6 35.Rxf8+ Kxf8 36.Rc4 Qxa2
37.Qd3 Kg8 38.Nxc6 bxc6 39.Rxc6 Qa1+ 40.Kh2 Qe1 41.Qd5+ Kh7 42.Qf7  1-0

[Event "Nakhchivan Open A 2013"]
[Site "Nakhchivan AZE"]
[Date "2013.04.24"]
[Round "3.27"]
[White "Babaev,T"]
[Black "Kazimova,N"]
[Result "1-0"]
[WhiteElo "2405"]
[BlackElo "2191"]

1.e4 c5 2.Nf3 e6 3.Nc3 Nc6 4.d4 cxd4 5.Nxd4 Qc7 6.Be3 a6 7.a3 Nf6 8.g3 b5
9.Bg2 Bb7 10.O-O Ne5 11.Qe2 Bc5 12.Rad1 O-O 13.Bf4 d6 14.a4 Nc4 15.Bc1 b4
16.Na2 Nb6 17.b3 Rac8 18.Bb2 Nbd7 19.Rd2 Rfe8 20.Re1 d5 21.exd5 exd5 22.Qd1 Rxe1+
23.Qxe1 Ne4 24.Re2 Qb6 25.Nf5 Nxf2 26.Re8+ Nf8 27.Kf1 Ng4 28.Bh3 Rxe8 29.Qxe8 Ne3+
30.Nxe3 Bxe3 31.Nxb4 d4 32.Nd3 Qf6+ 33.Ke1 Bc6 34.Qxe3 dxe3 35.Bxf6 gxf6
36.Ke2 Ng6 37.Kxe3 Ne5 38.Nxe5 fxe5 39.a5 Bb7 40.Bf5 Kg7 41.c4 h5 42.b4 Kf6
43.Be4  1-0

[Event "48th Capablanca Open I 2013"]
[Site "Havana CUB"]
[Date "2013.04.25"]
[Round "5.1"]
[White "Gonzalez de la Torre,S"]
[Black "Gonzalez Vidal,Y"]
[Result "1-0"]
[WhiteElo "2446"]
[BlackElo "2525"]

1.e4 c5 2.Nf3 e6 3.d4 cxd4 4.Nxd4 Nc6 5.Nc3 Qc7 6.Be3 a6 7.Be2 Nf6 8.O-O Bb4
9.Na4 Be7 10.c4 Nxe4 11.Bf3 Nf6 12.c5 O-O 13.Rc1 Rb8 14.g3 g6 15.Bg5 Ne8
16.Bxe7 Nxe7 17.Qb3 e5 18.Ne2 d5 19.cxd6 Qxd6 20.Rfd1 Qf6 21.Nb6 Nd6 22.Nc3 Bh3
23.Rd3 Rfd8 24.Qd1 Nc6 25.g4 e4 26.Bxe4 Nxe4 27.Nxe4 Qf4 28.Rc4 Rxd3 29.Qxd3 Ne5
30.Qxh3 Nxc4 31.Nd7 h5 32.Nef6+ Kg7 33.Qc3 Kh6 34.Nxb8 Ne5 35.Qe3 Qxe3 36.fxe3 Kg5
37.Nbd7 Nf3+ 38.Kg2 hxg4 39.Kg3 Nd2 40.Nxg4 Ne4+ 41.Kf3  1-0

[Event "Nakhchivan Open A 2013"]
[Site "Nakhchivan AZE"]
[Date "2013.04.26"]
[Round "5.15"]
[White "Korneev,O"]
[Black "Agasiyev,Ka"]
[Result "1/2-1/2"]
[WhiteElo "2609"]
[BlackElo "2244"]

1.e4 c5 2.Nf3 e6 3.d4 cxd4 4.Nxd4 Nc6 5.Nc3 Qc7 6.Be3 a6 7.Qd2 Nf6 8.O-O-O Bb4
9.f3 Ne7 10.Nde2 h6 11.Qd4 Nc6 12.Qb6 Ba5 13.Qxc7 Bxc7 14.Na4 b5 15.Nb6 Rb8
16.Nxc8 Rxc8 17.Nf4 g5 18.Nd3 d5 19.exd5 Nxd5 20.Bc5 Bb6 21.a3 Ne5 22.Bxb6 Nxd3+
23.Bxd3 Nxb6 24.Be4 Ke7 25.h4 Nc4 26.b3 Ne3 27.Rd2 f5 28.Re2 f4 29.g3 e5
30.Ree1 Kf6 31.g4 gxh4 32.Re2 h5 33.g5+ Kxg5 34.Rg1+ Kf6 35.Rg6+ Kf7 36.Rxa6 Rhg8
37.Ra7+ Kf8 38.Rd2 Rg1+ 39.Kb2 Nd1+ 40.Rxd1 Rxd1 41.Rh7 Re8 42.Rxh5 Rh1 43.a4 bxa4
44.bxa4 Rb8+ 45.Kc3 Rc8+ 46.Kb2 Rc5 47.Ka3 Kg7 48.Kb4 Rc8 49.Rh7+ Kf6 50.c4 Rb8+
51.Kc5 Rc8+ 52.Kb4 Rb8+ 53.Kc5 Rc8+  1/2-1/2

[Event "TCh-CZE Extraliga 2012-13"]
[Site "Czech Republic CZE"]
[Date "2013.04.27"]
[Round "10.1"]
[White "Tazbir,M"]
[Black "Movsesian,S"]
[Result "1/2-1/2"]
[WhiteElo "2555"]
[BlackElo "2688"]

1.e4 c5 2.Nf3 e6 3.d4 cxd4 4.Nxd4 Nc6 5.Nc3 Qc7 6.Be3 a6 7.Qd2 Nf6 8.O-O-O Be7
9.f3 b5 10.g4 Bb7 11.Kb1 Nxd4 12.Qxd4 Rc8 13.Rd2 Bc5 14.Qxc5 Qxc5 15.Bxc5 Rxc5
16.h4 Ke7 17.a4 b4 18.Na2 b3 19.Nc3 bxc2+ 20.Rxc2 d6 21.b4 Rcc8 22.Be2 h6
23.Rhc1 g5 24.h5 Nd7 25.Nd1 Rxc2 26.Rxc2 Rb8 27.Ka2 Ne5  1/2-1/2

[Event "TCh-CZE Extraliga 2012-13"]
[Site "Czech Republic CZE"]
[Date "2013.04.27"]
[Round "10.3"]
[White "Klima,L"]
[Black "Plat,V"]
[Result "1/2-1/2"]
[WhiteElo "2340"]
[BlackElo "2474"]

1.e4 c5 2.Nf3 e6 3.d4 cxd4 4.Nxd4 Nc6 5.Nc3 a6 6.Nxc6 bxc6 7.Bd3 d5 8.O-O Bd6
9.Qe2 Ne7 10.Na4 Ng6 11.f4 O-O 12.c4 e5 13.f5 Nf4 14.Bxf4 exf4 15.cxd5 cxd5
16.exd5 Re8 17.Qc2 Bd7 18.Nc3 Rb8 19.Kh1  1/2-1/2

[Event "48th Capablanca Open I 2013"]
[Site "Havana CUB"]
[Date "2013.04.27"]
[Round "6.13"]
[White "Espinosa Veloz,E"]
[Black "Oliva,K"]
[Result "1/2-1/2"]
[WhiteElo "2461"]
[BlackElo "2376"]

1.e4 c5 2.Nf3 e6 3.d4 cxd4 4.Nxd4 Nc6 5.Nc3 Qc7 6.Be3 a6 7.Qd2 Nf6 8.O-O-O Be7
9.f3 b5 10.g4 O-O 11.g5 Nh5 12.Nce2 Rd8 13.Ng3 Nxd4 14.Qxd4 Nf4 15.h4 Bb7
16.Qb6 Qb8 17.Kb1 d5 18.Bxf4 Qxf4 19.Qxb7 Bc5 20.Nh5 Qxf3 21.Bd3 Qxh5 22.exd5 exd5
23.Rhf1 Ra7 24.Qc6 Be3 25.Rf5 g6 26.Rxd5 Rxd5 27.Qxd5 Qg4 28.a4 bxa4 29.Qd8+ Kg7
30.Qf6+ Kg8 31.Qd8+ Kg7 32.Qf6+ Kg8 33.Qd8+  1/2-1/2

[Event "48th Capablanca Open II 2013"]
[Site "Havana CUB"]
[Date "2013.04.27"]
[Round "6.33"]
[White "Pich Lopez,Marian Liliam"]
[Black "Sarabia,L"]
[Result "1-0"]
[WhiteElo "2000"]
[BlackElo "2081"]

1.e4 c5 2.Nf3 e6 3.d4 cxd4 4.Nxd4 Nc6 5.Nc3 a6 6.Be3 Nf6 7.f3 Qc7 8.Qd2 Na5
9.a3 b5 10.Be2 b4 11.axb4 Bxb4 12.O-O h6 13.Ncb5 Bxd2 14.Nxc7+  1-0

[Event "48th Capablanca Open I 2013"]
[Site "Havana CUB"]
[Date "2013.04.27"]
[Round "6.28"]
[White "Calvo Quinteiro,J"]
[Black "Ruiz Sanchez,O"]
[Result "0-1"]
[WhiteElo "2248"]
[BlackElo "2366"]

1.e4 c5 2.Nf3 e6 3.d4 cxd4 4.Nxd4 Nc6 5.Nc3 Qc7 6.Be3 a6 7.Qd2 Nf6 8.f3 b5
9.O-O-O Be7 10.g4 Nxd4 11.Bxd4 b4 12.Na4 Rb8 13.Kb1 O-O 14.Qf2 d5 15.g5 Nh5
16.exd5 exd5 17.h4 Be6 18.Bd3 a5 19.Nc5 Rbc8 20.Nxe6 fxe6 21.Qe3 Qd7 22.Bb5 Qxb5
23.Qxe6+ Kh8 24.Qxe7 Qc4 25.c3 b3 26.Qe6 Rce8 27.Qd6 a4 28.Qb4 Rxf3 29.axb3 axb3
30.Qxc4 dxc4 31.Rhe1 Rxe1 32.Rxe1 Kg8 33.Kc1 Rh3 34.Re8+ Kf7 35.Rc8 Rh2 36.Rxc4 Nf4
37.Rc7+ Ke6 38.Rb7 Nd3+ 39.Kb1 Rh1+  0-1

[Event "Maharashtra Chess League 2013"]
[Site "Pune IND"]
[Date "2013.04.27"]
[Round "6"]
[White "Gopal,G"]
[Black "Himanshu,Sh"]
[Result "0-1"]
[WhiteElo "2526"]
[BlackElo "2403"]

1.e4 c5 2.Nf3 e6 3.d4 cxd4 4.Nxd4 Nc6 5.Nc3 Qc7 6.Be2 a6 7.O-O Nf6 8.Kh1 Bc5
9.Nxc6 bxc6 10.f4 d5 11.e5 Nd7 12.Na4 Ba7 13.c4 O-O 14.b3 d4 15.Bf3 Bb7 16.Nb2 c5
17.Nd3 a5 18.Bd2 a4 19.Qe2 axb3 20.axb3 Bb6 21.Be4 Bxe4 22.Qxe4 Rxa1 23.Rxa1 Rb8
24.h3 Qb7 25.Qxb7 Rxb7 26.Ra8+ Rb8 27.Ra6 f6 28.b4 fxe5 29.fxe5 cxb4 30.Bxb4 Rc8
31.Ba5 Bxa5 32.Rxa5 Rxc4 33.Ra7 Nf8 34.Nf4 Rc5 35.Ra4 Rxe5 36.Rxd4 Re1+ 37.Kh2 e5
38.Nd3 exd4 39.Nxe1 Kf7 40.Nf3 Ne6 41.Kg1 Ke7 42.Kf2 Kd6 43.Ke2 Nf4+ 44.Kd2 Kd5
45.Ne1 Ke4 46.h4 h5 47.g3 Nd5 48.Ke2 Nc3+ 49.Kd2 g6 50.Nd3 Kf5 51.Nf4 Ne4+
52.Kd3 Nxg3 53.Nd5 Ke5 54.Ne7 Kf6 55.Nd5+ Ke6 56.Nf4+ Kf5 57.Nd5 Kg4 58.Ne7 Kxh4
59.Nxg6+ Kg5 60.Ne5 Nf5 61.Ke4 h4 62.Kf3 Nd6 63.Nc6 d3 64.Ne5 d2 65.Ke2 Ne4
66.Nf3+ Kg4 67.Nh2+ Kg3 68.Nf1+ Kg2 69.Ne3+ Kg1 70.Kf3 h3 71.Kxe4 h2 72.Kd3 h1=Q
73.Kxd2 Qh6 74.Kd3 Qd6+ 75.Ke2 Qe5 76.Kf3 Qc3 77.Ke2 Kh2 78.Kf3 Kh3 79.Kf4 Qd2
80.Kf3 Kh4 81.Nf5+ Kg5 82.Ne3 Qd3 83.Kf2 Kf4 84.Ng2+ Ke4 85.Ne1 Qd2+ 86.Kf1 Ke3
87.Ng2+ Kf3 88.Nh4+ Kg3 89.Nf5+ Kf4 90.Nh4 Qd3+ 91.Kg1 Qg3+ 92.Ng2+ Kf3  0-1

[Event "Maharashtra Chess League 2013"]
[Site "Pune IND"]
[Date "2013.04.27"]
[Round "6"]
[White "Padmini,R"]
[Black "Sagar,S"]
[Result "0-1"]
[WhiteElo "2347"]
[BlackElo "2376"]

1.e4 c5 2.Nf3 e6 3.d4 cxd4 4.Nxd4 Nc6 5.Nc3 Qc7 6.g3 a6 7.Bg2 Nf6 8.O-O Nxd4
9.Qxd4 Bc5 10.Qd3 d6 11.Bf4 Nd7 12.Na4 e5 13.Bd2 Bd4 14.Nc3 Nf6 15.Ne2 Bc5
16.c4 Be6 17.Rac1 h6 18.h3 O-O 19.Kh2 Rfe8 20.f4 exf4 21.Nxf4 Nd7 22.Bc3 Ne5
23.Bxe5 dxe5 24.Nd5 Bxd5 25.exd5 g6 26.d6 Qxd6 27.Qxd6 Bxd6 28.c5 Bc7 29.Bxb7 Rab8
30.c6 e4 31.Kg2 a5 32.Rfd1 Re7 33.Rd7 Rbe8 34.g4 f5 35.gxf5 gxf5 36.Ba6 f4
37.Bc4+ Kg7 38.Bd5 e3 39.Kf3 Kf6 40.Rxe7 Rxe7 41.Rc2 Ke5 42.Bb3 Rg7 43.Rg2 Rxg2
44.Kxg2 e2 45.Kf2 f3 46.Bc4 Kd4 47.Bxe2 fxe2 48.Kxe2 Kc5 49.Kd3 Kxc6 50.Kc4 Kd6
51.a3 Ke5 52.b4 axb4 53.axb4 Ke4 54.b5 h5 55.Kc5 Kf3 56.Kd4 Bb6+ 57.Kd3 h4
58.Kd2 Kf2 59.Kd3 Kf3 60.Kd2 Bf2 61.Kd1 Kg2 62.Ke2 Bb6 63.Ke1 Kxh3 64.Kf1 Kg3
65.Ke2 Kg2  0-1

[Event "TCh-CZE Extraliga 2012-13"]
[Site "Czech Republic CZE"]
[Date "2013.04.28"]
[Round "11.1"]
[White "Shirov,A"]
[Black "Navara,D"]
[Result "1/2-1/2"]
[WhiteElo "2716"]
[BlackElo "2710"]

1.e4 c5 2.Nf3 e6 3.d4 cxd4 4.Nxd4 Nc6 5.Nc3 Qc7 6.Be3 a6 7.Qd2 Nf6 8.O-O-O Bb4
9.f3 Ne7 10.Nde2 b5 11.Bf4 e5 12.Bg5 h5 13.Kb1 Ba5 14.Bxf6 gxf6 15.Nd5 Nxd5
16.Qxd5 Bb7 17.Qb3 h4 18.Nc1 Rc8 19.Bd3 Qc5 20.c3 Qf2 21.Rhf1 Qxg2 22.Bxb5 axb5
23.Qxb5 Bc6 24.Qxa5 Qxh2 25.Nd3 Rg8 26.Nb4 Rg2 27.Rh1 Qf4 28.Nxc6 Rxc6 29.Qd5 Rc7
30.Rd3 Qg3 31.Qa8+ Ke7 32.Qa3+ Ke8 33.Qa8+ Ke7 34.Qa3+ Ke8  1/2-1/2

[Event "TCh-CZE Extraliga 2012-13"]
[Site "Czech Republic CZE"]
[Date "2013.04.28"]
[Round "11.5"]
[White "Jansa,Vl"]
[Black "Svoboda,V2"]
[Result "0-1"]
[WhiteElo "2451"]
[BlackElo "2376"]

1.e4 c5 2.Nf3 e6 3.Nc3 Nc6 4.d4 cxd4 5.Nxd4 Qc7 6.g3 a6 7.Bg2 h5 8.h3 Nf6
9.Be3 Ne5 10.O-O b5 11.Qe2 b4 12.Na4 Bb7 13.Rad1 d6 14.f4 Ned7 15.Bf2 e5
16.Nf5 Bc6 17.b3 Bb5 18.Qd2 Bxf1 19.Kxf1 Rc8 20.Ne3 Be7 21.f5 Nc5 22.Nxc5 dxc5
23.Qe2 Qc6 24.Nc4 Qc7 25.g4 hxg4 26.hxg4 Rd8 27.Rxd8+ Bxd8 28.Bf3 Nd7 29.Qe3 Nb6
30.Be2 Be7 31.Nd2 Qd6 32.Nf3 Nd7 33.g5 Bd8 34.Kg2 Bb6 35.Nd2 Qd4 36.Bxa6 Qxe3
37.Bxe3 Ke7 38.Bb5 Ra8 39.Bxd7 Kxd7 40.Nc4 Kc7 41.Nxe5 Rxa2 42.Nxf7 Rxc2+
43.Kf3 Rc3 44.f6 gxf6 45.Ke2 fxg5 46.Bxg5 Rxb3 47.Bf4+ Kd7 48.Ne5+ Ke6 49.Nc4 Bd8
50.Bd2 Be7 51.Kd1 Rd3 52.Kc2 Rd4 53.Kb3 Rxe4 54.Be3 Kd5 55.Nb6+ Kc6  0-1

[Event "TCh-CZE Extraliga 2012-13"]
[Site "Czech Republic CZE"]
[Date "2013.04.28"]
[Round "11.7"]
[White "Haba,P"]
[Black "Plachetka,J"]
[Result "1-0"]
[WhiteElo "2463"]
[BlackElo "2355"]

1.e4 c5 2.Nf3 Nc6 3.d4 cxd4 4.Nxd4 e6 5.Nc3 d6 6.Be2 Nf6 7.Be3 Be7 8.O-O O-O
9.f4 Bd7 10.Nb3 a5 11.a4 Nb4 12.Bf3 e5 13.Rf2 Be6 14.fxe5 dxe5 15.Qxd8 Rfxd8
16.Nc5 Bxc5 17.Bxc5 Ra6 18.Rd1 Rxd1+ 19.Bxd1 Nd7 20.Rd2 f6 21.Be3 Rc6 22.Be2 Kf7
23.Bb5 Rc7 24.Nd5 Rxc2 25.Nxb4 Rxd2 26.Bxd2 axb4 27.Bxb4 Nb6 28.Bc5 Nc4 29.b4 Nd2
30.Bd3 Bb3 31.a5 Bc4 32.Bxc4+ Nxc4 33.Kf2 Ke6 34.Ke2 f5 35.exf5+ Kxf5 36.Kd3 Na3
37.Be3 e4+ 38.Kc3 Ke5 39.Bc1 Nb5+ 40.Kc4 Nd6+ 41.Kc5 Ke6 42.b5 Nc8 43.a6 bxa6
44.bxa6 g6 45.Kc6 Na7+ 46.Kb6 Nc8+ 47.Kc7 Na7 48.Be3  1-0

[Event "48th Capablanca Open II 2013"]
[Site "Havana CUB"]
[Date "2013.04.28"]
[Round "7.28"]
[White "Rosa,Danie"]
[Black "Doubleday,W"]
[Result "1/2-1/2"]
[WhiteElo "2202"]
[BlackElo "2016"]

1.e4 c5 2.Nf3 Nc6 3.Nc3 e6 4.d4 cxd4 5.Nxd4 Qc7 6.g3 a6 7.Bg2 Nf6 8.O-O d6
9.Nxc6 bxc6 10.Bf4 e5 11.Bg5 Be7 12.Qd2 h6 13.Bxf6 Bxf6 14.Rad1 Be7 15.Na4 O-O
16.c4 Be6 17.b3 Rad8 18.Qc3 f5 19.exf5 Bxf5 20.c5 d5 21.Nb6 Kh8 22.Qa5 Bc8
23.b4 Bf6 24.Qa4 e4 25.Nxc8 Qxc8 26.Rfe1 Qb7 27.Bf1 Bc3 28.Re3 Qxb4 29.Qxc6 Bd4
30.Re2 Rxf2 31.Rxf2 Rf8 32.Qxd5 Bxf2+ 33.Kh1 Bxc5 34.Bxa6  1/2-1/2

[Event "Mistrzostwa Malopolski A"]
[Site "Krakow POL"]
[Date "2013.04.28"]
[Round "1.3"]
[White "Tokarski,L"]
[Black "Kondopoulos,D"]
[Result "1-0"]
[WhiteElo "2270"]
[BlackElo "2031"]

1.e4 c5 2.Nf3 e6 3.d4 cxd4 4.Nxd4 Nc6 5.Nc3 Qc7 6.Be3 a6 7.Be2 Nf6 8.O-O b5
9.a3 Bb7 10.f4 Na5 11.Qd3 Rc8 12.Rad1 Nc4 13.Bc1 e5 14.fxe5 Nxe5 15.Qg3 Nxe4
16.Nxe4 Bxe4 17.Bf4 d6 18.Rfe1 Bg6 19.Nxb5 Qb8 20.Nc3 f6 21.Bg4 Rc7 22.Nd5 Rxc2
23.Rc1 Be7 24.Rxc2 Bxc2 25.Qc3 Bb3 26.Be6 Bxd5 27.Bxd5 Bd8 28.Kh1 Ke7 29.Qh3 Qc7
30.Qe6+ Kf8 31.Bb3 g5 32.Bxe5 dxe5 33.Rd1 Kg7 34.Rd7+  1-0

[Event "TCh-SUI 2013"]
[Site "Switzerland SUI"]
[Date "2013.04.28"]
[Round "2.3"]
[White "Gallagher,Jo"]
[Black "Kappeler,K"]
[Result "1-0"]
[WhiteElo "2518"]
[BlackElo "2275"]

1.e4 c5 2.Nf3 e6 3.d4 cxd4 4.Nxd4 Nc6 5.Nc3 d6 6.g4 a6 7.Be3 Nge7 8.Nb3 b5
9.Qe2 Bb7 10.f4 Nc8 11.O-O-O Nb6 12.Nxb5 Na4 13.N5d4 Nb4 14.Qd2 Nxa2+ 15.Kb1 Bxe4
16.Rg1 N2c3+ 17.bxc3 d5 18.Bg2 Qd6 19.Qe1 Rc8 20.Bd2 Be7 21.Bxe4 Bh4 22.Qe3 Bf2
23.Qh3 dxe4 24.Rge1 Bxe1 25.Rxe1 O-O 26.Rxe4 Rc7 27.Nxe6 fxe6 28.Rxa4 Qc6
29.Rb4 a5 30.Nxa5 Qh1+ 31.Kb2 Ra8 32.Qe3 Qd5 33.Nb3 Rca7 34.Qe4 Qd7 35.Kb1 h6
36.f5 exf5 37.Qxf5 Qd6 38.Qf4 Qd8 39.Qd4 Qh4 40.g5 Qxh2 41.gxh6 Qh1+ 42.Bc1 gxh6
43.Rb6  1-0

[Event "45th Italian Teams 2013"]
[Site "Bratto ITA"]
[Date "2013.04.29"]
[Round "4"]
[White "Stella,L"]
[Black "Cherin,D"]
[Result "0-1"]
[WhiteElo "2148"]
[BlackElo "2250"]

1.e4 c5 2.Nf3 e6 3.d4 cxd4 4.Nxd4 Nc6 5.Nc3 Qc7 6.Be3 a6 7.Bd3 Nf6 8.O-O Ne5
9.h3 Bc5 10.Kh1 h5 11.f4 Ng6 12.e5 Nxe5 13.Ndb5 axb5 14.Nxb5 Qb6 15.Bxc5 Qxc5
16.b4 Qe3 17.Nc7+ Kd8 18.fxe5 Ng4 19.Nxa8 Qg3 20.hxg4 hxg4+ 21.Kg1 Qe3+ 22.Rf2 g3  0-1

[Event "48th Capablanca Open I 2013"]
[Site "Havana CUB"]
[Date "2013.04.29"]
[Round "8.31"]
[White "Calvo Quinteiro,J"]
[Black "Diaz,Rid"]
[Result "1-0"]
[WhiteElo "2248"]
[BlackElo "2349"]

1.e4 c5 2.Nf3 e6 3.d4 cxd4 4.Nxd4 Nc6 5.Nc3 Qc7 6.Be3 a6 7.Qd2 Nf6 8.f3 Ne5
9.O-O-O Bb4 10.Nb3 b5 11.Qe1 Rb8 12.Qg3 Nh5 13.Qh4 Nf6 14.Qg3 Nh5 15.Qh4 g6
16.Bd4 Be7 17.Qf2 f6 18.Kb1 O-O 19.g4 Nf4 20.Ne2 Nxe2 21.Bxe2 a5 22.f4 a4
23.Nc1 Nc6 24.Be3 a3 25.b3 Nb4 26.Bf3 Bb7 27.Nd3 Rbc8 28.Nxb4 Bxb4 29.Bg2 e5
30.Rd3 Bc6 31.c3 Be7 32.Bc1 b4 33.c4 Qa5 34.f5 Bc5 35.Qh4 g5 36.Qe1 Kg7 37.h4 h6
38.Rdh3 Rh8 39.R1h2 Qa8 40.Qh1 Rhg8 41.hxg5 hxg5 42.Rh7+ Kf8 43.R2h6 Be7
44.Rh8  1-0

[Event "ch-FRA Junior 2013"]
[Site "Saint-Paul-Trois-Chateaux FRA"]
[Date "2013.04.29"]
[Round "2.14"]
[White "Verwee,J"]
[Black "Bensaid,Simon"]
[Result "1-0"]
[WhiteElo "1758"]
[BlackElo "1554"]

1.e4 c5 2.Nf3 e6 3.d4 cxd4 4.Nxd4 Nc6 5.Nc3 a6 6.Be3 Qc7 7.Bd3 Nf6 8.O-O Be7
9.Qe2 O-O 10.f4 d6 11.Nxc6 Qxc6 12.e5 Nd5 13.Nxd5 exd5 14.Bd4 dxe5 15.fxe5 f5
16.exf6 Bxf6 17.Bxf6 gxf6 18.Rae1 Bd7 19.Bxh7+ Kg7 20.Qh5 Qd6 21.Qg6+ Kh8
22.Bg8  1-0

[Event "48th Capablanca Open I 2013"]
[Site "Havana CUB"]
[Date "2013.04.30"]
[Round "9.9"]
[White "Garcia Pantoja,R"]
[Black "Gonzalez Vidal,Y"]
[Result "1/2-1/2"]
[WhiteElo "2425"]
[BlackElo "2525"]

1.e4 c5 2.Nf3 e6 3.d4 cxd4 4.Nxd4 Nc6 5.Nc3 Qc7 6.Be3 a6 7.Qd2 Nf6 8.f3 Ne5
9.O-O-O Bb4 10.Bf4 d5 11.a3 Bxc3 12.Qxc3 Qxc3 13.bxc3 Ng6 14.Bd6 dxe4 15.c4 Bd7
16.c5 Ne7 17.Re1 Nc6 18.Nb3 exf3 19.gxf3 O-O-O 20.Bc4 Ne8 21.Bg3 Rf8 22.Rhg1 h6
23.h4 Ne7 24.Na5 Nc6 25.Nb3 Ne7 26.Na5 Nc6  1/2-1/2

[Event "Zonal 2.4 Absoluto 2013"]
[Site "Manaus BRA"]
[Date "2013.04.30"]
[Round "5.3"]
[White "Mekhitarian,K"]
[Black "Cori,J"]
[Result "1/2-1/2"]
[WhiteElo "2548"]
[BlackElo "2546"]

1.e4 c5 2.Nf3 Nc6 3.d4 cxd4 4.Nxd4 e6 5.Nc3 Qc7 6.g3 a6 7.Bg2 Nf6 8.O-O Nxd4
9.Qxd4 Bc5 10.Bf4 d6 11.Qd3 h6 12.Na4 e5 13.Nxc5 dxc5 14.Be3 Ng4 15.Bc1 O-O
16.h3 Nf6 17.Be3 Rd8 18.Qc3 b6 19.Rfd1 Bb7 20.f3 Nh7 21.Qe1 Ng5 22.Rxd8+ Rxd8
23.Rd1 Kf8 24.Rxd8+ Qxd8 25.Qd2 Qxd2 26.Bxd2 Ke7 27.Kf2 Ne6 28.h4 g5 29.Bf1 f6
30.c3 Kd6 31.Bd3 b5 32.b4 Bc8 33.c4 Nd4 34.h5 Be6 35.bxc5+ Kxc5 36.cxb5 axb5
37.a3 Nc6 38.Be3+ Nd4 39.Bd2 Nc6 40.g4 Bb3 41.Be3+ Nd4 42.Bd2 Nc6 43.Be2 Ba4
44.Ke3 Bb3 45.Be1 b4 46.axb4+ Nxb4 47.Kd2 Nc6 48.Bf2+ Nd4 49.Kc3 Ba4 50.Be3 Kd6
51.Bxd4 exd4+ 52.Kxd4 Bb3 53.Kc3  1/2-1/2

[Event "Zonal 2.4 Absoluto 2013"]
[Site "Manaus BRA"]
[Date "2013.04.30"]
[Round "5.10"]
[White "Proudian,Armen"]
[Black "Chumpitaz,A"]
[Result "0-1"]
[WhiteElo "2271"]
[BlackElo "2155"]

1.e4 c5 2.Nf3 e6 3.d4 cxd4 4.Nxd4 Nc6 5.Nc3 Qc7 6.Be3 Nf6 7.Qd2 Bb4 8.f3 Nxd4
9.Qxd4 Bxc3+ 10.bxc3 e5 11.Qb4 d6 12.O-O-O O-O 13.Rxd6 Be6 14.Kb2 Rfc8 15.Bb5 a6
16.Bb6 Qxd6 17.Qxd6 axb5 18.Rd1 Rxa2+ 19.Kc1 Nd7 20.Bc7 h6 21.Qe7 Ra1+ 22.Kd2 Raa8
23.Bd6 Re8 24.Qh4 Nb6 25.Ke1 Nc4 26.Bb4 Ne3 27.Rd2 Ra2 28.Kf2 Nxc2 29.Kg3 Kh7
30.Bd6 f6 31.f4 Rc8 32.fxe5 Rxc3+ 33.Kf2 Ra1 34.exf6 Bc4 35.Re2 Ne3 36.Qf4 Rf1+
37.Kg3 Nf5+ 38.Kg4 Bxe2+  0-1

[Event "Nakhchivan Open A 2013"]
[Site "Nakhchivan AZE"]
[Date "2013.04.30"]
[Round "8.23"]
[White "Asgarizadeh,A"]
[Black "Abdulla,K"]
[Result "1/2-1/2"]
[WhiteElo "2312"]
[BlackElo "2226"]

1.e4 c5 2.Nf3 e6 3.d4 cxd4 4.Nxd4 Nc6 5.Nc3 Qc7 6.Be3 a6 7.Be2 Nf6 8.O-O Bb4
9.Na4 Be7 10.Nxc6 bxc6 11.Bb6 Qb8 12.Be3 Qc7 13.Bb6 Qb8 14.Bf3 O-O 15.c4 Bd6
16.g3 Bc7 17.c5 d5 18.Re1 Nd7 19.exd5 exd5 20.Qb3 Ne5 21.Qc3 Nxf3+ 22.Qxf3 Be6
23.Qe3 Qb7 24.f4 Rae8 25.Qd3 Bb8 26.Nc3 Qc8 27.Kf2 Bf5 28.Qd4 Bg6 29.Rxe8 Rxe8
30.Re1 Rxe1 31.Kxe1 h5 32.Qe3 Qd7 33.Ne2 Be4 34.Nd4 h4 35.Kd2 hxg3 36.hxg3 g5
37.fxg5 Qg4 38.Ne2 Be5 39.b3 Qf5 40.Ba5 Qf1 41.Bc3 Bxc3+ 42.Qxc3 Qg2 43.Qa5 Bf3
44.Qxa6 Qf2 45.g6 fxg6 46.Qc8+ Kg7 47.Qc7+ Kg8 48.Qd8+ Kf7 49.Qd7+ Kf8 50.Qd6+ Kg7
51.Qe7+ Kg8 52.Qe8+ Kg7 53.Qe5+ Kg8 54.Qe3 Qg2 55.a4 Bxe2 56.Qxe2 Qxg3 57.Qe3 Qc7
58.Kd3 Qc8 59.Kc3 Qa6 60.Qe8+ Kg7  1/2-1/2

[Event "Zonal 2.4 Absoluto 2013"]
[Site "Manaus BRA"]
[Date "2013.05.01"]
[Round "6.2"]
[White "Supi,L"]
[Black "Leitao,R"]
[Result "0-1"]
[WhiteElo "2321"]
[BlackElo "2618"]

1.e4 c5 2.Nf3 e6 3.d4 cxd4 4.Nxd4 Nc6 5.Nc3 a6 6.Nxc6 bxc6 7.Bd3 d5 8.O-O Nf6
9.Qe2 Be7 10.b3 O-O 11.Bb2 Bb7 12.Na4 Qc7 13.e5 Nd7 14.c4 dxc4 15.Bxc4 c5
16.f4 g6 17.Qg4 Rad8 18.Rae1 Nb6 19.Nxb6 Qxb6 20.Bc3 Bd5 21.Qe2 Rd7 22.Kh1 Qc6
23.Rd1 Rfd8 24.Bxd5 Rxd5 25.Rxd5 Rxd5 26.Rd1 Rxd1+ 27.Qxd1 Qe4 28.Qc1 c4
29.h3 cxb3 30.axb3 Bc5 31.Bd2 Qd4 32.Kh2 h5 33.h4 Kg7 34.Qe1 Qd3 35.b4 Bd4
36.Kh1 Kf8 37.Kh2 Ke8 38.g3 Qf3 39.Qh1 Qxh1+ 40.Kxh1 Kd7  0-1